| 000 | 02281cam a22005294i 4500 | ||
|---|---|---|---|
| 003 | PE-LiUPU | ||
| 005 | 20250731173432.0 | ||
| 008 | 150706s2009 flu r 000 0 spa d | ||
| 020 | _a9780829755138 | ||
| 035 | _a(Sirsi) i9780829755138 | ||
| 040 |
_aPE-LiUPU _bspa _cPE-LiUPU _erda |
||
| 049 | _aPRUA | ||
| 082 | 0 | 4 |
_a253 _bH99 _221 |
| 100 | 1 |
_aHybels, Bell, _eautor. |
|
| 245 | 1 | 0 |
_aCuando el liderazgo y el discipulado chocan / _cBill Hybels. |
| 264 | 1 |
_aMiami, Florida : _bVida, _c2009. |
|
| 300 |
_a66 páginas ; _c19 centímetros. |
||
| 336 |
_atext _2rdacontent |
||
| 337 |
_aunmediated _2rdamedia |
||
| 338 |
_avolume _2rdacarrier |
||
| 490 | 1 | _aSelección Vida Lider | |
| 500 | _aTitulo original: When Leadership and discipleship collide. | ||
| 505 | 0 | _aCuando el liderazgo y el discipulado chocan -- Romper las leyes del liderazgo -- Propagar la buena prensa -- Evitar la controversia innecesaria -- Optimizar el tiempo y la influencia -- No morder la mano que te alimenta -- Evitar hazañas sensacionalistas -- Demostrar un valor inquebrantable -- Dedicarle tiempo a Sam -- Priorizar el concurso de pesca -- El origen de las "leyes del liderazgo" -- Ponte al lado del discipulado -- El ministerio del Espíritu Santo -- Palabras de lucha. | |
| 526 | _aSEG42 | ||
| 526 | _aSEG41 | ||
| 526 | _aSEG40 | ||
| 526 | _aSEG39 | ||
| 526 | _aP94 | ||
| 526 | _aP87 | ||
| 526 | _aP86 | ||
| 526 | _aP85 | ||
| 526 | _aP77 | ||
| 526 | _aP76 | ||
| 526 | _aP35 | ||
| 541 | _g001-0000632; | ||
| 630 |
_aBiblia. _pN.T. _pMarcos _xCrítica, interpretación, etc. |
||
| 650 | 0 | 4 |
_aLiderazgo _xEnseñanza bíblica |
| 650 | 0 | 4 | _aLiderazgo cristiano. |
| 650 | 0 | 4 |
_aLiderazgo _xAspectos religiosos _xCristianismo. |
| 700 | 1 |
_aFuchs, David, _etr. |
|
| 910 |
_agl _clch _d20130812 |
||
| 942 |
_2ddc _cBOOK |
||
| 949 |
_a253 H99 _wDEWEY _c1 _i67922 _lCCODEBUL1 _mBUL _p10.00 _r0 _sY _tBOOK _u2015-7-6 _xTEOLOGIA _PP35 _o.STAFF. Colección Teología |
||
| 994 |
_aC0 _bPEPRU |
||
| 596 | _a1 | ||
| 999 |
_a253 H99 _wDEWEY _c55432 _i67922 _d55432 _e2017-4-24 _f2021-11-10 _g5 _lCCODEBUL1 _mBUL _n3 _p10.00 _q9 _r0 _sY _tBOOK _u2015-7-6 _xTEOLOGIA _PP35 _0COMPRA _o.STAFF. Colección Teología |
||
| 980 |
_81 _gALBERTO SANCHEZ Responsable de Automatización |
||